00971nam a2200277 a 450000500170000000800410001702000150005804000250007304100080009808200180010610000360012424501650016026000530032530000330037865000260041165000180043765000250045565000400048065000190052065000250053965000270056465000200059165000170061165000340062865000310066220200104041524.0140121b1999 ck |||||r|||| 00| 0 spa d a9589652980 aCO-BoIAVHcCO-BoIAVH aspa a352.749bH43i aHernández Salgar, Ana María aIntellectual property and biodiversity: bintellectual property in the world trade organization and its relationship with the convention on biological diversity aBogotábInstituto Alexander von Humboldtc1999 a58 páginas : c21 x 14 cm.14aPropiedad intelectual14aBiodiversidad14aPropiedad industrial14aOrganización Mundial del Comercio14aUso sostenible14aUso de biodiversidad14aConservación ex situ14aBiotecnología14aBioseguridad14aAcceso a recursos genéticos14aCooperación científica